书目信息 |
| 题名: |
大学普通化学
|
|
| 作者: | 孟长功 主编 ;大连理工大学 编著 | |
| 分册: | ||
| 出版信息: | 大连 大连理工大学出版社 2007 |
|
| 页数: | 268页 | |
| 开本: | 26cm | |
| 丛书名: | 高等学校理工科化学化工类规划教材 | |
| 单 册: | ||
| 中图分类: | O6-43 | |
| 科图分类: | ||
| 主题词: | 普通化学--Pu Tong Hua Xue--高等学校--教材 | |
| 电子资源: | ||
| ISBN: | 978-7-5611-0164-3 | |
| 000 | 01212nam 2200325 45 | |
| 001 | 012001001837 | |
| 005 | 20191122092020.76 | |
| 010 | @a978-7-5611-0164-3@dCNY35.00 | |
| 099 | @aCAL 012007104510 | |
| 100 | @a20070914d2007 ekmy0chiy0121 ea | |
| 101 | 0 | @achi |
| 102 | @aCN@b210000 | |
| 105 | @aak a 000yy | |
| 106 | @ar | |
| 200 | 1 | @a大学普通化学@ADa Xue Pu Tong Hua Xue@d= General chemistry@f编著大连理工大学普通化学教研组@g主编孟长功@zeng |
| 205 | @a第6版 | |
| 210 | @a大连@c大连理工大学出版社@d2007 | |
| 215 | @a268页@c图@d26cm | |
| 225 | 2 | @a高等学校理工科化学化工类规划教材@AGao Deng Xue Xiao Li Gong Ke Hua Xue Hua Gong Lei Gui Hua Jiao Cai |
| 306 | @a2007年7月第6次印刷 | |
| 320 | @a有书目 (第268页) | |
| 330 | @a本书全面、系统地介绍了物质结构基础、化学反应的基本原理、溶液、电化学原理及应用、化学与材料等内容。 | |
| 410 | 0 | @12001@@a高等学校理工科化学化工类规划教材 |
| 510 | 1 | @aGeneral chemistry@zeng |
| 606 | 0 | @a普通化学@APu Tong Hua Xue@x高等学校@j教材 |
| 690 | @aO6-43@v4 | |
| 701 | 0 | @a孟长功@AMeng Chang Gong@4主编 |
| 712 | 02 | @a大连理工大学@ADa Lian Li Gong Da Xue@b普通化学教研组@4编著 |
| 801 | 0 | @aCN@b北京卓展@c20191020 |
| 905 | @b1199100-3@dO6-43@e1028=6@f4 | |
| 大学普通化学= General chemistry/编著大连理工大学普通化学教研组/主编孟长功.-第6版.-大连:大连理工大学出版社,2007 |
| 268页:图;26cm.-(高等学校理工科化学化工类规划教材) |
| ISBN 978-7-5611-0164-3:CNY35.00 |
| 本书全面、系统地介绍了物质结构基础、化学反应的基本原理、溶液、电化学原理及应用、化学与材料等内容。 |
| ● |
| 相关链接 |
|
|
|
|
正题名:大学普通化学
索取号:O6-43/1028=6
 
预约/预借
| 序号 | 登录号 | 条形码 | 馆藏地/架位号 | 状态 | 备注 |
| 1 | 1199100 | 211991004 | 第二样本阅览室/ [索取号:O6-43/1028=6] | 在馆 | |
| 2 | 1199101 | 211991013 | 第三借阅区/ [索取号:O6-43/1028=6] | 在馆 | |
| 3 | 1199102 | 211991022 | 第三借阅区/ [索取号:O6-43/1028=6] | 在馆 | |
| 4 | 1199103 | 211991031 | 第三借阅区/ [索取号:O6-43/1028=6] | 在馆 |